The magnetic organization : (Record no. 100160)

MARC details
000 -LEADER
fixed length control field 00792nam a22002297a 4500
005 - DATE AND TIME OF LATEST TRANSACTION
control field 20160602150021.0
010 ## - LCCN (DPL NO)
LC control number ENG-115189
020 ## - INTERNATIONAL STANDARD BOOK NUMBER
International Standard Book Number 9789351503873
Terms of availability 395.00
035 ## - SYSTEM CONTROL NUMBER
System control number EN-98721
037 ## - SOURCE OF ACQUISITION
Source of stock number/acquisition DBAD/PUB
082 00 - DEWEY DECIMAL CLASSIFICATION NUMBER
Classification number 658.314
Edition number 23
100 1# - MAIN ENTRY--PERSONAL NAME
Personal name Bhattacharyya, Dipak Kumar
245 14 - TITLE STATEMENT
Title The magnetic organization :
Remainder of title attracting and retaining the best talent /
Statement of responsibility, etc by Dipak Kumar Bhattacharyya
260 ## - PUBLICATION, DISTRIBUTION, ETC. (IMPRINT)
Place of publication, distribution, etc New Delhi
Name of publisher, distributor, etc SAGE Publications
Date of publication, distribution, etc 2015
270 ## - ADDRESS
Address B1/I-1 Mohan Cooperative Industrial Area, Mathura Road
City New Delhi
Postal code 110044
300 ## - PHYSICAL DESCRIPTION
Extent xviii,193p.
Dimensions 22cm(pbk)
500 ## - GENERAL NOTE
General note Includes bibliographical references
650 #0 - SUBJECT ADDED ENTRY--TOPICAL TERM
Topical term or geographic name as entry element Employee selection.
650 #0 - SUBJECT ADDED ENTRY--TOPICAL TERM
Topical term or geographic name as entry element Employee retention.
650 #0 - SUBJECT ADDED ENTRY--TOPICAL TERM
Topical term or geographic name as entry element Personnel management.
942 ## - ADDED ENTRY ELEMENTS (KOHA)
Source of classification or shelving scheme Dewey Decimal Classification
Item type English Books
Classification part 658.314
Call number suffix BHA
Holdings
Withdrawn status Lost status Not for loan Collection code Home library Current library Date acquired Source of acquisition Cost, normal purchase price Full call number Barcode Copy number Cost, replacement price Koha item type
    Not For Loan Non-fiction D.B.Act.Division Mobile Library 02/06/2016 DBAD/PUB 395.00 658.314 BHA EN-98721 1 395.00 English Books

© Delhi Public Library
Hit Counter
free hit counter